Statistics for Countries Urho Kekkonen visited

Click here to take the quiz!

General Stats

  • This quiz has been taken 27 times
  • The average score is 21 of 27

Answer Stats

ContinentCountry% Correct
EuropeItaly
100%
EuropeNorway
100%
Asia/ EuropeRussia
100%
North AmericaUnited States of America
100%
EuropeDenmark
95%
EuropeGermany
95%
EuropeSweden
95%
North AmericaCanada
91%
EuropeSpain
91%
EuropeUnited Kingdom
91%
EuropeAustria
86%
EuropeBelgium
86%
South AmericaBrazil
86%
EuropePoland
86%
EuropeFrance
82%
Europethe Netherlands
82%
EuropeHungary
77%
EuropeIceland
77%
AsiaIndia
77%
EuropeSwitzerland
77%
EuropeBulgaria
68%
EuropeRomania
59%
EuropeVatican City
50%
AsiaIran
45%
North Americathe Bahamas
41%
AfricaTunisia
36%
AfricaSenegal
23%

Score Distribution

Percentile by Number Answered

Percent of People with Each Score

Your Score History

You have not taken this quiz